000 00322nam a2200133Ia 4500
005 20251222144639.0
008 251222s9999||||xx |||||||||||||| ||spa||
082 _a658.3/G43
100 _aGibson, James L.
245 0 _aLas Organizaciones:
250 _a7a.ed.
264 _bAddison-Wesley Iberoamericana
942 _cLIB
999 _c16591
_d16591